| 000 | 00454nam a2200157Ia 4500 | ||
|---|---|---|---|
| 008 | 240729s9999 xx 000 0 und d | ||
| 022 | _a2383-398X | ||
| 245 | 0 | _aJournal of Dental Biomaterial | |
| 260 | _aIran, Islamic Republic of | ||
| 260 | _bShiraz University of Medical Sciences | ||
| 650 | _a Dentistry | ||
| 650 | _aTechnology | Medicine | ||
| 856 | _uhttps://doaj.org/toc/59ebd236a4f54281b28460c9d25afc30 | ||
| 942 | _2ddc | ||
| 942 | _cDOAJEJ | ||
| 999 |
_c71043 _d71043 |
||
| 945 |
_a1 _bMadushi Gamage _c1 _dMadushi Gamage |
||